Polvorilla (Record no. 168083)
[ view plain ]
| 000 -LEADER | |
|---|---|
| campo de control de longitud fija | 01354nam a22002775i 4500 |
| 001 - NÚMERO DE CONTROL | |
| campo de control | 168083 |
| 003 - IDENTIFICADOR DE NÚMERO DE CONTROL | |
| campo de control | ES-MaACL |
| 005 - FECHA Y HORA DE LA ÚLTIMA TRANSACCIÓN | |
| campo de control | 20250824053635.0 |
| 008 - DATOS DE LONGITUD FIJA--INFORMACIÓN GENERAL | |
| campo de control de longitud fija | 040728s1901 sp |||| | spa d |
| 040 ## - FUENTE DE CATALOGACIÓN | |
| Centro catalogador/agencia de origen | CAM |
| Lengua de catalogación | spa |
| Centro/agencia transcriptor | CAM |
| 100 1# - ENTRADA PRINCIPAL--NOMBRE DE PERSONA | |
| Nombre de persona | Yráyzoz, Fiacro. |
| 9 (RLIN) | 133996 |
| 245 10 - MENCIÓN DEL TÍTULO | |
| Título | Polvorilla |
| Resto del título | : zarzuela en un acto, dividido en cinco cuadros, original en prosa y verso / |
| Mención de responsabilidad, etc. | libro de Fiacro Yráyzoz y Carlos Fernández Shaw ; música de los maestros Vives y Montesinos. |
| 250 ## - MENCION DE EDICION | |
| Mención de edición | 2ª ed. |
| 260 ## - PUBLICACIÓN, DISTRIBUCIÓN, ETC. | |
| Lugar de publicación, distribución, etc. | Madrid : |
| Nombre del editor, distribuidor, etc. | [Hijos de E. Hidalgo : |
| -- | Arregui y Aruej], |
| Fecha de publicación, distribución, etc. | 1901 ( |
| Fabricante | R. Velasco, imp.) |
| 300 ## - DESCRIPCIÓN FÍSICA | |
| Extensión | 50 p. ; |
| Dimensiones | 19 cm. |
| 490 1# - MENCIÓN DE SERIE | |
| Mención de serie | Biblioteca lírico-dramática y teatro cómico |
| 500 ## - NOTA GENERAL | |
| Nota general | En port.: Teatro Eslava, 31 diciembre 1900. |
| 500 ## - NOTA GENERAL | |
| Nota general | Solo la letra. |
| 596 ## - NOTA AL PIE DE IMPRENTA | |
| NOTA AL PIE DE IMPRENTA | Datos de ed. y de serie constan en la cub. |
| 700 1# - ENTRADA AGREGADA--NOMBRE PERSONAL | |
| Nombre de persona | Fernández-Shaw, Carlos, |
| Fechas asociadas al nombre | 1865-1911 |
| 9 (RLIN) | 50098 |
| 700 1# - ENTRADA AGREGADA--NOMBRE PERSONAL | |
| Nombre de persona | Vives, Amadeo, |
| Fechas asociadas al nombre | 1871-1932 |
| 9 (RLIN) | 115566 |
| 700 1# - ENTRADA AGREGADA--NOMBRE PERSONAL | |
| Nombre de persona | Montesinos, Eduardo. |
| 9 (RLIN) | 82594 |
| 830 00 - PUNTO DE ACCESO ADICIONAL DE SERIE-TÍTULO UNIFORME | |
| Título uniforme | Biblioteca lirico-dramática y teatro cómico |
| 9 (RLIN) | 188056 |
| 852 ## - LOCALIZACIÓN | |
| Ubicación | ES-MaACL |
| Número de control de estantería | F-8638(4) |
| Nota libre | -- Enc. pasta española, conservando la cub. original |
| -- | -- Dedicatoria manuscrita de Carlos Fernández Shaw al Ateneo de Madrid |
| -- | -- Enc. en un vol. facticio formando parte de la col. facticia "Teatro español moderno", vol. 93 |
| Estatus retirado | Estado de pérdida | Fuente del sistema de clasificación o colocación | Estado de daño | No para préstamo | Colección | Biblioteca de origen | Biblioteca actual | Ubicación en estantería | Fecha de adquisición | Total de préstamos | Signatura topográfica completa | Código de barras | Visto por última vez | Precio de reemplazo | Tipo de ítem Koha | Nota pública |
|---|---|---|---|---|---|---|---|---|---|---|---|---|---|---|---|---|
| Clasificación decimal universal | Libros con dedicatorias | Biblioteca del Ateneo de Madrid | Biblioteca del Ateneo de Madrid | Sala Pecera Planta 2 | 17/01/2008 | F-8638(4) | 1176356 | 23/02/2023 | 23/02/2023 | Libro impreso antiguo | Dedicatoria autógrafa del autor |
